Pályázók figyelmébe

Elmentve itt :
Bibliográfiai részletek
Dokumentumtípus: Cikk
Megjelent: 1984-10-24
Sorozat:Délmagyarország 74 No. 250
Kulcsszavak:honismeret
Online Access:http://dmarchiv.bibl.u-szeged.hu/118874
LEADER 00390nab a2200145 i 4500
001 delm118874
005 20190903111953.0
008 190903s1984 hu o 0|| hun d
040 |a SZTE Délmagyarország Archívum  |b hun 
041 |a hun 
245 0 0 |a Pályázók figyelmébe  |h [elektronikus dokumentum] 
260 |c 1984-10-24 
300 |a 8 
490 0 |a Délmagyarország  |v 74 No. 250 
695 |a honismeret